000 00629nam a2200181Ia 4500
008 151018s9999 xx 000 0 und d
082 _bRBASDV51929
_a891.463
100 _aनयनतारा देसाई
245 _aशिरकमल अमर जहाले
250 _b1
260 _bविभासा पुस्तक महाल
_c2010
300 _a335
600 _aनयनतारा देसाई
630 _aशिरकमल अमर जहाले
700 _aनयनतारा देसाई
730 _aशिरकमल अमर जहाले
942 _cBOOK
999 _c1050680
_d1050677